Culture générale - Géographie - Série 6 - Statistiques

Statistiques générales
  • Ce quiz a été pris 442 fois
  • Le résultat moyen est 5 sur 10
Statistiques - réponses
Question Réponse % Correct
Comment nomme-t-on la seule région francophone du Canada ? Le Québec
92%
Quel détroit sépare la Russie de l’Amérique du Nord ? Le détroit de Béring
79%
Quel département français métropolitain est situé le plus à l’ouest ? Le Finistère
71%
Quel est le nom du 2ème plus haut sommet du monde ? Le K2
70%
Quel monument surplombe la ville de Rio de Janeiro au Brésil ? Le Christ rédempteur
65%
Regarder le drapeau. De quel pays s’agit-il ? La Jordanie
44%
Quel fleuve est à l’origine des chutes Victoria ? le Zambèze
36%
Dans quel pays a atterri l’astronaute français Thomas Pesquet lors de sons retour sur terre ? Le Kazakhstan
19%
Quel archipel dont la plus grande ville est Longyerbayen possède une réserve de graines issues de toutes les espèces mondiales connues ? Svalbard
11%
Quelle région turque est située sur le continent européen ? La Thrace Orientale
1%
Aucun quiz correspondant
Distribution des résultats
% des personnes avec chaque résultat
Percentile par nombre de réponses
Votre historique - résultats
Vous n’avez pas pris ce quiz